000 01052nam0a2200289 4500
001 RU\NLR\bibl\1063212
005 20250615041249.0
010 _a978-5-7905-5083-6
_910000
021 _aRU
_b2007-7484
_9396
035 _a(NLR Aleph) 001050475
090 _a875342
_c875342
100 _a20070323d2007 |||y0rusy50 ca
101 0 _arus
102 _aRU
105 _aa z |||||
200 1 _aЧудо-бальзам и медно-серебряный ионатор
_eрецепты самостоятельного изготовления бальзама Родимина
_fЕ. Родимин
210 _aМосква
_cРИПОЛ классик
_d2007
215 _a60, [1] с.
_d20
606 1 _aБальзамы
_xЛечебное применение
_92164692
_3RU\NLR\auth\661302553
686 _aР282.522
700 1 _aРодимин
_bЕ. М.
_gЕвгений Михайлович
_4070
801 0 _aRU
_bNLR
_c20070323
_gRCR
801 1 _aRU
_bNLR
_c20070323
830 _aАвт. по кн.
942 _cBOOK
980 _aNB